| 000 | 00537nam a2200217 4500 | ||
|---|---|---|---|
| 005 | 20260121100006.0 | ||
| 008 | 260121b |||||||| |||| 00| 0 eng d | ||
| 020 |
_a9789392193354 _cRs. 2195.00 |
||
| 040 | _aMAIN | ||
| 082 |
_a576 _bK119F |
||
| 100 | _aKagne, Suresh | ||
| 245 | _aFundamentaks of microbiology | ||
| 260 |
_aJaipur _bApex Publication _c2023 |
||
| 300 | _aviii, 349 | ||
| 650 | _aMicrobiology | ||
| 650 | _aMicroscopy | ||
| 650 | _aMicroorganisms | ||
| 700 | _aPuri, Swati Suresh | ||
| 942 | _cBK | ||
| 999 |
_c396761 _d396761 |
||